| 000 | 01437nam a2200289 i 4500 | ||
|---|---|---|---|
| 003 | EG-ScBUE | ||
| 005 | 20240708091923.0 | ||
| 008 | 100419s1963 ua b f b 001 0 ara d | ||
| 040 |
_aEG-ScBUE _bara _erda _cEG-ScBUE _dEG-ScBUE |
||
| 043 |
_af-ua--- _af-su--- |
||
| 082 | 0 | 4 |
_222 _a962.4 _bش ك ر |
| 100 | 1 |
_913606 _aشكري، محمد فؤاد، _d-1963، _eمؤلف. |
|
| 245 | 1 | 0 |
_aمصر والسودان : _bتاريخ وحدة وادي النيل السياسية في القرن التاسع عشر 1820-1899 / _cتأليف دكتور محمد فؤاد شكري، أستاذ التاريخ الحديث بجامعة القاهرة. |
| 250 | _aالطبعة الثالثة. | ||
| 264 | 1 |
_a[القاهرة] : _bدار المعارف، _c1963. |
|
| 300 |
_a571 صفحة : _bخرائط ؛ _c24 سم. |
||
| 336 |
_2rdacontent _aنص _btxt |
||
| 337 |
_aبدون وسيط _2rdamedia _bn |
||
| 338 |
_aمجلد _bnc _2rdacarrier |
||
| 490 | 0 | _aمكتبة الدراسات التاريخية | |
| 504 | _aيشتمل على إرجاعات ببليوجرافية وكشاف. | ||
| 651 | 7 |
_913382 _aمصر _xتاريخ _yالعصر الحديث _yعصر محمد علي 1805-1849. _2BUEsh |
|
| 651 | 7 |
_911380 _aمصر _xتاريخ _yالعصر الحديث _yالاحتلال البريطاني 1882-1956. _2BUEsh |
|
| 651 | 7 |
_913607 _aالسودان _xتاريخ _yالعصر الحديث. _2BUEsh |
|
| 655 | _vReading book | ||
| 942 |
_2ddc _cBB |
||
| 999 |
_c13910 _d13910 |
||